Tous les joueurs de Chelsea depuis 2010 - Statistiques

Statistiques générales
  • Ce quiz a été pris 48 fois
    21 depuis la dernière actualisation
  • Le résultat moyen est 83 sur 163
Statistiques - réponses
Poste(s) Nationalité Saison(s) Réponse % Correct
Défenseur France 2023- Axel Disasi
100%
Attaquant Sénégal 2013-2014 Demba Ba
100%
Gardien Sénégal 2020-2023 Édouard Mendy
100%
Gardien République Tchèque 2004-2015 Petr Čech
100%
Défenseur France 2023- Benoît Badiashile
94%
Défenseur Espagne 2012-2023 César Azpilicueta
94%
Défenseur Brésil 2011-20142016-2019 David Luiz
94%
Attaquant Egypte 2014-2016 Mohamed Salah
94%
Milieu France 2016-2023 N'Golo Kanté
94%
Attaquant Belgique 2011-20142021-2024 Romelu Lukaku
94%
Attaquant Côte d'Ivoire 2004-20122014-2015 Didier Drogba
88%
Milieu Argentine 2022- Enzo Fernandez
88%
Milieu Angleterre 2001-2014 Frank Lampard
88%
Défenseur Angleterre 1998-2017 John Terry
88%
Milieu Belgique 2012-2014 Kevin De Bruyne
88%
Milieu Brésil 2012-2017 Oscar
88%
Défenseur Angleterre 2018- Reece James
88%
Défenseur Brésil 2020-2024 Thiago Silva
88%
Gardien Belgique 2011-2018 Thibaut Courtois
88%
Milieu/attaquant Angleterre 2023- Cole Palmer
81%
Attaquant Côte d'Ivoire 2023- Datro Fofana
81%
Attaquant Espagne 2014-2018 Diego Costa
81%
Attaquant Portugal 2022-20232024- João Félix
81%
Milieu Croatie 2019-2023 Mateo Kovačić
81%
Attaquant Gabon 2022-2023 Pierre-Emerick Aubameyang
81%
Défenseur France 2022- Wesley Fofana
81%
Milieu/attaquant Brésil 2013-2020 Willian
81%
Défenseur Danemark 2014-2022 Andreas Christensen
75%
Défenseur Angleterre 2020- Ben Chilwell
75%
Défenseur Serbie 2008-2017 Branislav Ivanović
75%
Milieu/attaquant Etats-Unis 2019-2023 Christian Pulisic
75%
Milieu/attaquant Belgique 2012-2019 Eden Hazard
75%
Milieu Italie 2018-2023 Jorginho
75%
Défenseur France 2014-2021 Kurt Zouma
75%
Défenseur France 2023- Malo Gusto
75%
Milieu Ghana 2005-2014 Michael Essien
75%
Attaquant France 2018-2021 Olivier Giroud
75%
Attaquant Allemagne 2020-2022 Timo Werner
75%
Défenseur Allemagne 2017-2022 Antonio Rüdiger
69%
Défenseur Angleterre 2006-2014 Ashley Cole
69%
Milieu Espagne 2014-2019 Cesc Fàbregas
69%
Milieu/attaquant France 2023- Christopher Nkunku
69%
Milieu/attaquant France 2007-2013 Florent Malouda
69%
Défenseur Angleterre 2012-2019 Gary Cahill
69%
Milieu Maroc 2020-2024 Hakim Ziyech
69%
Milieu Nigéria 2006-2017 John Obi Mikel
69%
Milieu Espagne 2011-2014 Juan Mata
69%
Milieu Allemagne 2020-2023 Kai Havertz
69%
Gardien Espagne 2018-2024 Kepa Arrizabalaga
69%
Milieu/défenseur Espagne 2022- Marc Cucurella
69%
Milieu Equateur 2023- Moisés Caicedo
69%
Attaquant Ukraine 2023- Mykhaïlo Mudryk
69%
Milieu Serbie 2014-2017 Nemanja Matić
69%
Attaquant France 2008-2012 Nicolas Anelka
69%
Milieu Brésil 2010-2016 Ramires
69%
Milieu Côte D'Ivoire 2006-2012 Salomon Kalou
69%
Défenseur/milieu Nigéria 2012-2021 Victor Moses
69%
Gardien Argentine 2017-2021 Willy Caballero
69%
Attaquant Espagne 2017-2019 Álvaro Morata
63%
Gardien Bosnie 2015-2017 Asmir Begović
63%
Défenseur Angleterre 2017-2023 Dujon Sterling
63%
Attaquant Espagne 2011-2015 Fernando Torres
63%
Attaquant Argentine 2018-2019 Gonzalo Higuaín
63%
Défenseur Angleterre 2021- Levi Colwill
63%
Milieu Angleterre 2016-2023 Mason Mount
63%
Attaquant Sénégal 2023- Nicolas Jackson
63%
Attaquant Angleterre 2022- Raheem Sterling
63%
Attaquant Angleterre 2016-2021 Tammy Abraham
63%
Milieu/attaquant Burkina Faso 2014-2017 Bertrand Traoré
56%
Milieu Angleterre 2019-2024 Conor Gallagher
56%
Gardien Serbie 2023- Đorđe Petrović
56%
Milieu/défenseur Colombie 2015-2017 Juan Cuadrado
56%
Défenseur Sénégal 2022-2023 Kalidou Koulibaly
56%
Défenseur France 2020-2024 Malang Sarr
56%
Attaquant Angleterre 2023- Noni Madueke
56%
Attaquant Colombie 2015-2016 Radamel Falcao
56%
Gardien Espagne 2023- Robert Sánchez
56%
Attaquant Cameroun 2013-2014 Samuel Eto'o
56%
Défenseur Brésil 2004-2012 Alex
50%
Attaquant Albanie 2019- Armando Broja
50%
Défenseur Italie 2018-2022 Emerson
50%
Gardien Danemark 2024- Filip Jörgensen
50%
Défenseur Portugal 2008-2012 José Bosingwa
50%
Défenseur Espagne 2016-2022 Marcos Alonso
50%
Attaquant Portugal 2024- Pedro Neto
50%
Milieu Belgique 2023- Roméo Lavia
50%
Milieu Angleterre 2014-2023 Ruben Loftus-Cheek
50%
Milieu France 2017-2023 Tiémoué Bakayoko
50%
Milieu Angleterre 2017-2022 Danny Drinkwater
44%
Milieu Suisse 2022-2023 Denis Zakaria
44%
Défenseur Brésil 2014-2015 Filipe Luís
44%
Milieu Angleterre 2024- Kiernan Dewsbury-Hall
44%
Milieu France 2023- Lesley Ugochukwu
44%
Défenseur Angleterre 2021-2024 Lewis Hall
44%
Milieu Pays-Bas 2013-2021 Marco van Ginkel
44%
Attaquant Belgique 2016-2022 Michy Batshuayi
44%
Défenseur Pays-Bas 2012-2017 Nathan Aké
44%
Milieu/attaquant Espagne 2015-2020 Pedro
44%
Milieu/attaquant Allemagne 2013-2015 André Schürrle
38%
Milieu Ecosse 2019-2022 Billy Gilmour
38%
Milieu/attaquant Angleterre 2018-2023 Callum Hudson-Odoi
38%
Milieu Angleterre 2022- Carney Chukwuemeka
38%
Milieu Belgique 2016-2022 Charles Junior Musonda
38%
Attaquant Angleterre 2009-2013 Daniel Sturridge
38%
Défenseur Angleterre 2016-2022 Fikayo Tomori
38%
Défenseur Pays-Bas 2019-2024 Ian Maatsen
38%
Attaquant France 2014-2017 Loïc Remy
38%
Milieu Angleterre 2012-2017 Nathaniel Chalobah
38%
Défenseur Portugal 2004-2013 Paulo Ferreira
38%
Défenseur Angleterre 2019- Trevoh Chalobah
38%
Milieu Israël 2010-2013 Yossi Benayoun
38%
Attaquant Brésil 2015-2016 Alexandre Pato
31%
Milieu Italie 2022- Cesare Casadei
31%
Défenseur Italie 2017-2021 Davide Zappacosta
31%
Attaquant Angleterre 2014-2017 Dominic Solanke
31%
Défenseur Pays de Galles 2017-2023 Ethan Ampadu
31%
Milieu RDC 2009-2015 Gaël Kakuta
31%
Gardien Angleterre 2021- Marcus Bettinelli
31%
Milieu Portugal 2011-2012 Raul Meireles
31%
Défenseur Angleterre 2024- Tosin Adarabioyo
31%
Défenseur Angleterre 2023- Alfie Gilchrist
25%
Attaquant Brésil 2023- Deivid Washington
25%
Milieu Brésil 2015-2022 Kenedy
25%
Attaquant Espagne 2024- Marc Guiu
25%
Milieu Allemagne 2012-2016 Marko Marin
25%
Défenseur Etats-Unis 2016-2022 Matt Miazga
25%
Milieu Espagne 2011-2015 Oriol Romeu
25%
Défenseur Ghana 2015-2023 Rahman Baba
25%
Milieu Portugal 2024- Renato Veiga
25%
Milieu Angleterre 2018-2022 Ross Barkley
25%
Défenseur Angleterre 2006-2015 Ryan Bertrand
25%
Défenseur Ghana 2019-2020 Tariq Lamptey
25%
Défenseur République Tchèque 2012-2019 Tomáš Kalas
25%
Attaquant/milieu Portugal 2023-2024 Diego Moreira
19%
Milieu Angleterre 2021- Harvey Vale
19%
Gardien Portugal 2006-2014 Henrique Hilário
19%
Attaquant Angleterre 2013-2021 Isaiah Brown
19%
Défenseur Angleterre 2016-2022 Jake Clarke-Salter
19%
Défenseur Pays-Bas 2009-2013 Jeffrey Bruma
19%
Milieu/attaquant Côte d'ivoire 2015-2018 Jérémie Boga
19%
Milieu Angleterre 2010-2015 Josh McEachran
19%
Attaquant Angleterre 2021-2023 Jude Soonsup-Bell
19%
Milieu Angleterre 2014-2022 Lewis Baker
19%
Attaquant Brésil 2012-2021 Lucas Piazón
19%
Gardien Australie 2013-2015 Mark Schwarzer
19%
Défenseur Nigéria 2016-2019 Ola Aina
19%
Milieu/attaquant Jamaïque 2022-2024 Omari Hutchinson
19%
Défenseur Sénégal 2015-2016 Papy Djilobodji
19%
Gardien Angleterre 2009-2013 Ross Turnbull
19%
Défenseur Angleterre 2007-2014 Sam Hutchinson
19%
Milieu Espagne 2021-2022 Saúl
19%
Milieu Angleterre 2019- Tino Anjorin
19%
Défenseur Angleterre 2023- Bashir Humphreys
13%
Gardien Portugal 2016-2019 Eduardo
13%
Milieu Russie 2009-2011 Iouri Jirkov
13%
Milieu/défenseur Finlande 2024- Jimi Tauriainen
13%
Milieu Angleterre 2014-2016 John Swift
13%
Milieu Angleterre 2024- Leo Castledine
13%
Défenseur Angleterre 2019-2021 Marc Guéhi
13%
Milieu Angleterre 2023-2024 Michael Golding
13%
Milieu Angleterre 2021-2023 Xavier Simons
13%
Milieu Etats-unis 2018-2019 Kyle Scott
6%
Attaquant Angleterre 2023- Mason Burstow
6%
Aucun quiz correspondant
Distribution des résultats
% des personnes avec chaque résultat
Percentile par nombre de réponses
Votre historique - résultats
Vous n’avez pas pris ce quiz depuis la dernière actualisation